[Event "7th Llucmajor Open 2018"]
[Site "S'Arenal de Llucmajor"]
[Date "2018.05.20"]
[Round "9"]
[White "Fier, Alexandr"]
[Black "Hamitevici, Vladimir"]
[Result "1/2-1/2"]
[WhiteElo "2580"]
[BlackElo "2508"]
[Annotator "TA"]
[PlyCount "31"]
[EventDate "2018.??.??"]
[EventType "swiss"]
[EventCountry "ESP"]
[SourceTitle "playchess.com"]
[Source "ChessBase"]
[SourceQuality "1"]

{[%evp 17,31,0,9,-33,-35,-21,-23,-24,-25,-37,15,13,15,13,12,0]} 1. Nf3 Nf6 2. c4 b6 3. d4 e6 4. a3 Bb7 5. Nc3 Ne4 6. Nxe4 Bxe4 7. Nd2 {E12: Queen's Indian: Unusual White 4th moves, 4 a3, 4 Nc3 Bb7 5 a3 and 4 Nc3 Bb7} (7. e3 Qf6 8. Be2 Bd6 9. O-O O-O 10. b4 c5 11. Nd2 Bc6 12. b5 Bb7 13. Bb2 cxd4 14. exd4 Bf4 15. Bf3 {1-0 (30) Korobov,A (2652)-Rapport,R (2707) Riadh 2017}) 7... Bg6 8. e4 Nc6 {[%cal Bb8c6,Bc6d4,Bd4f3][%mdl 32]} 9. d5 Nd4 {LiveBook: 3 Games} 10. Nf3 (10. h4 $5 {[%cal Rh4h5]} Bh5 11. Qxh5 Nc2+ 12. Kd1 Nxa1 13. Bd3 $11) 10... Nxf3+ 11. Qxf3 Bd6 $146 ({Predecessor:} 11... Bc5 12. Bd3 O-O 13. Be3 exd5 14. cxd5 Bxe3 15. Qxe3 {½-½ (50) Pankov,G (2321)-Ogloblin,N (2384) Sochi 2007}) 12. Bd3 O-O 13. O-O Qe7 ({Black should play} 13... Qh4 $15 14. g3 Bh5) 14. Bf4 $11 {The position is equal.} Bxf4 15. Qxf4 d6 16. Rae1 1/2-1/2

[Event "7th Llucmajor Open 2018"]
[Site "S'Arenal de Llucmajor"]
[Date "2018.05.20"]
[Round "9"]
[White "Sumets, Andrey"]
[Black "Santos Latasa, Jaime"]
[Result "1/2-1/2"]
[WhiteElo "2577"]
[BlackElo "2552"]
[Annotator "TA"]
[PlyCount "60"]
[EventDate "2018.??.??"]
[EventType "swiss"]
[EventCountry "ESP"]
[SourceTitle "playchess.com"]
[Source "ChessBase"]
[SourceQuality "1"]

{[%evp 24,25,20,9]} 1. d4 Nf6 2. c4 e6 3. Nf3 d5 4. Nc3 dxc4 5. e3 a6 6. a4 c5 7. Bxc4 Nc6 8. O-O Be7 9. Qe2 cxd4 10. Rd1 e5 11. exd4 exd4 12. Nxd4 Nxd4 13. Qe5 {[#] LiveBook: 193 Games} {Predecessor:} Qd6 $146 14. Qxd6 Bxd6 15. Rxd4 Be5 16. Rh4 O-O 17. Bf4 Bxf4 18. Rxf4 Re8 19. Nd5 Nxd5 20. Bxd5 Re7 21. Re4 Be6 22. Rae1 Rd8 23. Bxe6 Rxe6 24. Kf1 Rxe4 25. Rxe4 Kf8 26. Rb4 Rd7 27. Ke2 Ke7 28. h4 h5 29. g3 g6 30. Re4+ Kf6 {½-½ (30) Zherebukh,Y (2640)-Lenderman,A (2599) Saint Louis 2018} 1/2-1/2

[Event "7th Llucmajor Open 2018"]
[Site "S'Arenal de Llucmajor"]
[Date "2018.05.20"]
[Round "9"]
[White "Postny, Evgeny"]
[Black "Swayams, Mishra"]
[Result "1/2-1/2"]
[WhiteElo "2576"]
[BlackElo "2447"]
[Annotator "TA"]
[PlyCount "292"]
[EventDate "2018.??.??"]
[EventType "swiss"]
[EventCountry "ESP"]
[SourceTitle "playchess.com"]
[Source "ChessBase"]
[SourceQuality "1"]

{[%evp 13,292,10,20,0,21,-3,-8,-12,11,11,12,12,4,8,22,10,10,12,20,0,0,0,16,8,18,18,17,20,19,12,23,23,24,25,33,30,27,21,20,18,30,30,35,32,28,20,18,11,20,20,20,17,18,20,23,23,29,29,27,27,26,30,30,0,0,0,0,0,0,0,0,0,0,0,22,0,0,0,0,0,0,0,0,0,0,0,0,0,0,0,0,0,0,-13,-13,-15,-16,-16,-22,-22,-23,-23,-20,-23,-18,-55,-48,-63,-63,-63,-63,-64,-63,-60,-28,-32,-7,-8,-2,-8,-8,-8,-8,-8,-8,-24,-7,-7,-2,-2,-2,-7,-7,-20,-2,-2,0,-21,-8,-8,-2,-2,-2,-2,0,0,0,-7,0,-7,0,-7,-7,-8,0,-7,0,-7,0,-8,-8,-8,-7,-8,0,-8,-7,-8,0,-8,0,-2,0,0,0,-7,0,-7,-7,-7,-11,-12,-12,-60,-11,-11,-11,-11,-12,-68,-68,-68,-68,-70,-13,-16,-17,-17,-17,-21,-8,-8,-8,-8,-8,-8,-8,-8,-8,-8,0,-8,-8,-8,-8,-8,-8,-8,-8,-8,-8,-8,-8,-8,-8,-8,-8,-8,-8,-8,-5,-8,-8,-8,-8,-8,-2,-8,-8,-8,-4,-8,-5,-8,-2,-8,-4,-4,-5,-5,0,-4,0,-4,-4,-5,-2,-2,0,0,0,0,0,0,0,0,0,0,0,0,0,0,0,0,0,0,0,0,0,0,0]} 1. d4 Nf6 2. c4 e6 3. g3 d5 4. Bg2 Bb4+ 5. Nd2 {[%cal Bb1d2,Bd2b3,Bb3d4][%mdl 32]} O-O 6. Ngf3 dxc4 7. Qc2 c5 {LiveBook: 24 Games. E04: Open Catalan: 5 Nf3} 8. O-O $146 ({Predecessor:} 8. dxc5 c3 9. bxc3 Bxc5 10. O-O Qc7 11. Ne4 Nxe4 12. Qxe4 Nd7 13. Bf4 Bd6 14. Bxd6 Qxd6 15. Rfd1 {1-0 (47) Giri,A (2768)-Adams,M (2745) London 2014}) 8... cxd4 9. Qxc4 Nc6 {Black wants to play ...Be7.} 10. Nb3 $1 {[%cal Rf3d4]} Qd5 11. Qxd5 Nxd5 12. Nfxd4 Nxd4 13. Nxd4 Bd7 14. Rd1 Rac8 15. Bd2 Be7 16. Bxd5 exd5 17. Bc3 Bf6 18. Rd2 Rfe8 19. e3 Bxd4 20. Rxd4 Be6 21. Rad1 Rc4 22. Rxc4 dxc4 $11 {[%mdl 4096] Endgame KRB-KRB} 23. f3 f6 24. Kf2 Kf7 25. Bb4 Rc8 26. a3 Ke8 27. Rd6 Bf7 28. Rd4 Be6 29. g4 Rd8 30. Bd6 Rc8 31. Re4 Kf7 32. Bb4 Rd8 33. f4 g6 34. f5 gxf5 35. gxf5 Bxf5 36. Re7+ Kg6 37. Rxb7 Rd7 38. Rb5 Rd1 39. Ra5 Rh1 40. Kg3 Rg1+ 41. Kf3 Rf1+ 42. Kg2 Rc1 43. Bc3 Be4+ 44. Kf2 Rh1 45. Rxa7 Rxh2+ 46. Kg3 Rh1 47. Kf2 Rh2+ 48. Kg3 Rh1 49. Kf2 Rh5 50. Ra5 Rg5 51. Ra6 Rf5+ 52. Kg3 h5 53. Kh4 Rf3 54. Rb6 Bd3 55. Rb8 $1 Rxe3 56. Rg8+ Kf7 57. Rg3 Re4+ 58. Kh3 Be2 59. Kg2 Bg4 60. Kf2 Re2+ 61. Kg1 f5 62. Rg2 Re3 63. Rf2 h4 64. a4 Kg6 65. a5 Re6 66. Kh2 Kg5 67. Bd2+ Kh5 68. Bf4 Re1 69. Bd2 Rd1 70. Bc3 Kg5 71. Bd2+ Kg6 {With the idea ...Bf3!} 72. Bc3 Kh5 73. Rd2 Rc1 {[#] White must now prevent ...Bf3.} 74. Rf2 Rd1 75. Rd2 Rf1 {Hoping for ...Bf3.} 76. Kg2 $1 {[%cal Rg2f1]} Ra1 77. Rf2 $1 Kg6 78. Kh2 Rc1 79. Bd4 Rd1 80. Bc3 Rd6 81. Rd2 Re6 82. Rf2 Kh5 83. Bd2 Kg6 84. Bc3 Kg5 85. Bd2+ Kh5 86. Bf4 Kg6 87. Bd2 Rc6 88. Bc3 Re6 89. Bd2 Rd6 90. Bc3 Rd1 91. Rd2 Ra1 {[#] And now ...Bf3 would win.} 92. Rf2 Rb1 93. Bd4 Rd1 94. Bc3 Kg5 95. Bd2+ Kf6 96. Bc3+ Ke6 97. Rd2 Rc1 98. Rf2 Rb1 99. Rf4 Kd5 100. Rd4+ Kc5 101. Rf4 ({White should try} 101. a6 $11) 101... Kb5 102. Rf2 Rc1 103. Bf6 Kxa5 (103... h3 $15 104. Bd8 Rd1) 104. Bxh4 {The position is equal.} Kb4 105. Bf6 Rd1 106. Kg3 Kb3 107. Kf4 Rd3 108. Be5 Rd5 109. Rg2 Rd1 110. Rf2 Rd3 111. Bf6 Rd1 112. Be5 Re1 {aiming for ...Re4+.} 113. Bf6 (113. Bc3 {feels hotter.} Re4+ 114. Kg3 Ka2 115. Rf1 Re3+ 116. Kf4) 113... Re4+ 114. Kg5 Re8 115. Kf4 Rf8 116. Kg5 Rc8 117. Kf4 Rc7 118. Be5 Rf7 119. Kg5 Rh7 120. Kf4 Rh5 121. Rg2 Rh1 122. Rf2 Rh3 123. Bf6 Rh5 124. Rg2 Rh1 125. Rf2 Kb4 126. Bc3+ Kc5 127. Ke5 Rd1 128. Kf4 Rd3 129. Ke5 Re3+ 130. Kf4 Re4+ 131. Kg5 Bh3 132. Rh2 Bg4 (132... Re3 {looks sharper.} 133. Kf4 Rd3 134. Re2 Rd5 135. Re8 Bf1) 133. Rf2 Re8 134. Kf4 Kd5 135. Rd2+ Ke6 136. Bb4 Rb8 137. Rd6+ Kf7 138. Bc3 Rc8 139. Kg5 Bh3 140. Kf4 Rg8 141. Rf6+ Ke7 142. Ke5 Rg2 143. Re6+ Kd7 {Strongly threatening ...Re2+.} 144. Rd6+ Kc7 145. Rd4 Re2+ 146. Kf4 Re4+ {Precision: White = 81%, Black = 58%.} 1/2-1/2

[Event "7th Llucmajor Open 2018"]
[Site "S'Arenal de Llucmajor"]
[Date "2018.05.20"]
[Round "9"]
[White "Rotstein, Arkadij"]
[Black "Roeder, Matthias"]
[Result "1-0"]
[WhiteElo "2491"]
[BlackElo "2370"]
[Annotator "TA"]
[PlyCount "103"]
[EventDate "2018.??.??"]
[EventType "swiss"]
[EventCountry "ESP"]
[SourceTitle "playchess.com"]
[Source "ChessBase"]
[SourceQuality "1"]

{[%evp 18,103,6,-10,3,-12,9,-19,0,0,10,-20,59,64,78,72,111,107,217,207,185,129,215,167,159,158,188,139,142,146,106,89,99,146,252,228,259,187,183,25,18,18,18,18,20,10,10,10,10,10,10,10,22,10,10,10,10,10,26,10,22,22,444,27,538,533,748,748,743,635,736,736,690,644,771,762,722,714,990,838,1157,1134,29964,29962,29961,29960,29954,12578]} 1. e4 c5 2. Ne2 Nf6 3. Nbc3 d6 4. g3 Nc6 5. Bg2 g6 6. O-O Bg7 7. d3 O-O 8. h3 Rb8 9. f4 {[%cal Bf2f4,Bf4f5,Bf5f6][%mdl 32]} Nd7 10. g4 {LiveBook: 25 Partien. B25: Sizilianisch (Geschlossenes System)} e6 (10... b5 11. Nd5 e6 12. Ne3 Bb7 13. f5 Qh4 14. c3 Rfe8 15. a4 b4 16. Nc4 Qe7 17. Bf4 Nce5 {1-0 (49) Guseinov,G (2646)-Huschenbeth,N (2549) Batumi 2018}) 11. g5 $146 ({Vorgänger:} 11. Ng3 b5 12. e5 b4 13. Bxc6 bxc3 14. bxc3 dxe5 15. f5 exf5 16. gxf5 e4 17. dxe4 Bxc3 {0-1 (50) Nordquelle,D (2203)-Kosakowski,J (2332) Mamaia 2017}) 11... b5 {[%cal Bb7b5,Bb5b4][%mdl 32]} 12. Ng3 {Die Stellung ist ausgeglichen.} b4 13. Nce2 a5 14. f5 Re8 (14... Be5 $11) 15. f6 $14 Bf8 16. h4 {[%cal Bh3h4,Bh4h5,Bh5g6][%mdl 32]} Nb6 17. h5 e5 (17... a4 $16 {ist wohl besser.}) 18. hxg6 $1 $18 hxg6 19. Qe1 ({Günstiger ist} 19. Bf3 $18) 19... d5 (19... Bg4 $16) 20. exd5 Nxd5 {[#]} 21. Ne4 $1 c4 22. dxc4 Nf4 23. Nxf4 exf4 24. Bxf4 Bf5 {Und weiter mit ...Lxe4 wäre nett.} 25. Bxb8 Bxe4 (25... Qxb8 $16 26. Rd1 Bxe4 27. Bxe4 Rxe4 28. Qxe4 Qg3+ 29. Qg2 Bc5+ 30. Rf2 (30. Kh1 Qh4+ 31. Qh2 Qe4+ 32. Qg2 Qh4+ 33. Qh2 Qe4+ 34. Qg2 Qh4+ $11) 30... Bxf2+ 31. Kf1 Qxg2+ 32. Kxg2 Ba7) 26. Bxe4 Qxb8 27. Kg2 Qe5 28. Bxc6 $2 (28. Bd3 $18 Qxg5+ 29. Qg3) 28... Qxg5+ $11 29. Qg3 Re2+ 30. Rf2 Rxf2+ 31. Kxf2 Qc5+ 32. Ke2 Qxc4+ 33. Qd3 Qxc6 {[%mdl 4096] Endspiel KDT-KDL} 34. Rf1 a4 35. Kd1 {Dh3 ist eine echte Drohung.} Qe6 36. b3 {Schwarz sollte Dd4 verhindern.} Qg4+ 37. Kc1 a3 38. Kb1 {Droht Th1 und aus.} Qg5 39. Qd4 {Droht stark Th1.} Qc5 $2 {[%mdl 8192]} (39... Qg2 $11 40. Rc1 Qf3) 40. Rd1 $2 (40. Qxc5 $18 {jetzt Dc8 und aus.} Bxc5 41. c4 bxc3 42. Kc2) 40... Qf5 $2 {[%mdl 8192] [#]} (40... Qc6 $1 $11 {und Schwarz ist OK.}) 41. Rh1 $1 $18 Qg5 42. Qh4 Qxh4 43. Rxh4 {KT-KL} Bd6 44. Kc1 Be5 45. Rxb4 Bxf6 46. Rb8+ Kg7 47. b4 {[%cal Bb3b4,Bb4b5][%mdl 32]} g5 48. Kd1 g4 49. Ke2 Kg6 50. b5 {Weiß setzt Matt.} Be5 51. Re8 Bc7 52. Rc8 {Precision: Weiß = 53%, Schwarz = 31%.} 1-0

[Event "7th Llucmajor Open 2018"]
[Site "S'Arenal de Llucmajor"]
[Date "2018.05.20"]
[Round "9"]
[White "Zumsande, Martin"]
[Black "Santos Ruiz, Miguel"]
[Result "1/2-1/2"]
[WhiteElo "2450"]
[BlackElo "2524"]
[Annotator "TA"]
[PlyCount "36"]
[EventDate "2018.??.??"]
[EventType "swiss"]
[EventCountry "ESP"]
[SourceTitle "playchess.com"]
[Source "ChessBase"]
[SourceQuality "1"]

{[%evp 22,36,-2,-7,0,0,0,0,0,0,0,0,1,3,2,2,2]} 1. e4 c5 2. Nf3 d6 3. c3 Nf6 4. h3 g6 5. Bd3 Bg7 6. Bc2 e5 7. O-O O-O 8. d4 {B50: Sizilianisch (Verschiedenes mit 2...d6)} cxd4 9. cxd4 exd4 10. Nxd4 Nc6 11. Be3 d5 12. Nc3 {LiveBook: 7 Partien. Die Stellung ist ausgeglichen.} Nxe4 13. Nxe4 {[#] Droht stark Sc3.} dxe4 14. Nxc6 bxc6 15. Bxe4 Ba6 {[#]} 16. Qxd8 $146 ({Vorgänger:} 16. Re1 Bxb2 17. Rb1 Bc3 18. Qxd8 Raxd8 19. Rec1 Bd2 20. Rxc6 Bxe3 21. fxe3 {½-½ (32) Jakovenko,D (2759)-Khismatullin,D (2642) Chita 2015}) 16... Rfxd8 17. Rfd1 Bxb2 18. Rab1 {[#] Txd8+ ist eine echte Drohung.} Rxd1+ 1/2-1/2